| 000 | 00995nas a2200301 4500 | ||
|---|---|---|---|
| 001 | BR2012000822 | ||
| 003 | BR-BrBNA | ||
| 005 | 20231205120119.0 | ||
| 007 | ta | ||
| 008 | 230509b bl.|||p| |||| 00| 00por d | ||
| 040 |
_aBR-BrBNA _bpor _cBiblioteca Nacional de Agricultura |
||
| 041 | _a(Pt) | ||
| 072 | _aP10 | ||
| 100 | 1 | _aMonaco, P.A.V. lo | |
| 100 | 1 | _aMatos, A.T. de | |
| 100 | 1 | _aEustáquio Júnior, V. | |
| 100 | 1 | _aSarmento, A.P. | |
| 100 | 1 | _aMoreira, R.M.G | |
| 245 | 1 | _aDesempenho de filtros constituídos por pergaminhop de grãos de café (Coffea sp.)no tratamento de águas residuárias | |
| 246 | 1 | _aPerformance of filters made from parchment of coffee beans (Coffea sp.)for wastewater treatment | |
| 650 | _aCAFÉ | ||
| 650 | _aFILTRO | ||
| 650 | _aFILTRAÇÃO | ||
| 650 | _aÁGUA | ||
| 773 | 0 |
_tCoffee Science (Brazil) _xISSN 1809-6875 _g(May-Aug 2011), v. 6(2) p. 120-127 _wBR2012000822 |
|
| 909 |
_a202311 _bLúcia _c55 _dLúcia Elande |
||
| 942 |
_2AGRIS _n0 _cANA |
||
| 999 |
_c217098 _d217098 |
||